Catalog

Record Details

Catalog Search



The first step in missions training : how our neighbors are wrestling with God's general revelation / Thomas K. Johnson.

Record details

  • ISBN: 978-3-86269-084-8 (paperback)
  • Physical Description: 145 s.
  • Publisher: Bonn : Verlag für Kultur und Wissenschaft , 2014
Subject: Theology of religions (Christian theology)
Missions Theory.
Revelation.

Available copies

  • 1 of 1 copy available at Common Catalog SPOK.

Holds

  • 0 current holds with 1 total copy.
Show Only Available Copies
Location Call Number / Copy Notes Barcode Shelving Location Status Due Date
ETS Library 269 424470017191 Volný výběr Available -

LDR 00737 a2200217 450
00143513
003CZ-PrJAB
00520190706141319.0
020 . ‡a978-3-86269-084-8 (paperback)
035 . ‡a(CONS)14438
039 . ‡a(OCoLC)891825161
082 . ‡a269
100 . ‡aJohnson, Thomas K. (Thomas Kurt), 1954- author.
245 . ‡aThe first step in missions training : ‡b how our neighbors are wrestling with God's general revelation / ‡n Thomas K. Johnson.
260 . ‡aBonn : ‡bVerlag für Kultur und Wissenschaft , ‡c2014
300 . ‡a145 s.
650 . ‡aTheology of religions (Christian theology)
650 . ‡aMissions Theory.
650 . ‡aRevelation.
8524 . ‡bETS ‡bETS ‡cVolný výběr ‡j269 ‡p424470017191 ‡y$50.00
910 . ‡aABG450
999 . ‡a14438 ‡c14438 ‡tbiblio
905 . ‡uadmin
901 . ‡a43513 ‡b ‡c43513 ‡tbiblio ‡sets

Additional Resources